000 01029 a2200253 4500
005 20251119131311.0
008 251119b |||||||| |||| 00| 0 eng d
020 _a9788171109296 (hbk)
037 _cTB
040 _aAL
_cAL
041 _2hin
_ahin
_hsan
084 _aR65-6 15R4
_qAL
100 _aअमलआनंद
_9822110
245 _aशास्त्रदर्पणम्
260 _aदिल्ली, भारत:
_bपरिमल पब्लिकेशन्स,
_c2024.
300 _a369पृ.
365 _b495.00
_cINR
490 _aपरिमल संस्कृत सीरीज न. 183
650 _aदर्शनशास्त्र
_9852318
650 _aवेदान्त
_9852319
650 _aअद्वैता
_9852320
942 _cTB
_2CC
_n0
_hR65-6 15R4
999 _c1435887
_d1435887